000
00245nam a2200109Ia 4500
008
240625s9999 xx 000 0 und d
041
_a
eng
082
_a
658.8342 SCH
100
_a
SCHIFFMAN LEON G
245
_a
CONSUMER BEHAVIOR
260
_c
2016
999
_c
39080
_d
39080